| 000 | 00517nam a2200169Ia 4500 | ||
|---|---|---|---|
| 003 | OSt | ||
| 005 | 20200723125456.0 | ||
| 008 | 190216s9999||||xx |||||||||||||| ||und|| | ||
| 020 | _a8186365923 | ||
| 040 | _coclc | ||
| 082 |
_a954.035 _bMEN/H |
||
| 100 |
_aMenon, P K K _93288 |
||
| 245 | 4 |
_aThe History Of Freedom Movement In Kerala / _cP K K Menon |
|
| 260 |
_bDepartment Of Cultural Publications, _c2001. _aTrivandrum: |
||
| 300 | _a647p | ||
| 942 |
_cBK _2ddc _h954.035 _iMEN/H _k954.035 _mMEN/H |
||
| 999 |
_c21136 _d21136 |
||